A la vuelta del milenio /

Obra en la que se presenta un análisis postectivo de los cambios sociales, económicos y culturales ante la llegada del tercer milenio, asociado en su momento con la idea catastrófica del fin del mundo ante el futuro desconocido.

-д хадгалсан:
Номзүйн дэлгэрэнгүй
Үндсэн зохиолч: Antaki, Ikram (autor)
Формат: Ном
Хэл сонгох:испани
Хэвлэсэн: México : Joaquín Mortiz, 2001, c2001
Нөхцлүүд:
Шошгууд: Шошго нэмэх
Шошго байхгүй, Энэхүү баримтыг шошголох эхний хүн болох!

MARC

LEADER 00000nam^a2200000^a^4500
001 000625958
005 20251215000000.0
009 20260310134025.946
020 |a 968-27-0804-4 
025 |a Donación Efrén Lepe, 1 ejemplar 
037 |a Acervo ITESO - Biblioteca 
041 |a ESP 
082 |a 303. 49  |b ANT 
100 |a Antaki, Ikram  |e (autor) 
245 1 0 |a A la vuelta del milenio /  |c I. Antaki. 
264 4 |a México :  |b Joaquín Mortiz,  |c 2001, c2001 
300 |a 115 p. 
336 |a texto  |b txt  |2 rdacontenido 
337 |a sin mediación  |b n  |2 rdamedio 
338 |a volumen  |b nc  |2 rdasoporte 
520 |a Obra en la que se presenta un análisis postectivo de los cambios sociales, económicos y culturales ante la llegada del tercer milenio, asociado en su momento con la idea catastrófica del fin del mundo ante el futuro desconocido. 
649 |a XX 
650 |a Cultura -  |x Teoría 
650 |a Conflicto Social 
650 |a Predicción Social -  |x Tema Principal 
650 |a Futuro 
650 |a Devenir 
650 |a Sociedad 
650 |a Historia Moderna -  |y Siglo XXI 
650 |a Sociología 
910 |a Fondo General 
920 |a Impresos - Libros 
930 |a Colección General 
905 |a 101 
901 |a 625958-10  |b IT1  |c ACC  |i D  |u 20251215 
902 |a https://opac.biblio.iteso.mx/vufind/Record/000625958